000 00674nam a2200229Ia 4500
003 OSt
005 20220928145621.0
006 a|||||r|||| 00| 0
007 ta
008 220927b |||||||| |||| 00| 0 eng d
024 _a81580
037 _cTextual
040 _aSDCL
_cSDCL
_beng
041 _2eng
_aeng
082 _aNQ5,LK, L3 RR
100 _aBernen Satia
_9513767
245 0 _aMyth and religion in European painting, 1270 - 1700
_b The stories as the artists knew them.
260 _c1973
700 _a Bernen Robert
_9513768
942 _hNQ5,LK, L3 RR
_cTEXL
_2CC
999 _c834429
_d834429